[Event "Davos Challenge op"]
[Site "Davos"]
[Date "2022.06.03"]
[Round "1"]
[White "Dushatskiy, Fedor"]
[Black "Wenske, Hardy"]
[Result "1/2-1/2"]
[WhiteElo "2107"]
[BlackElo "1731"]
[PlyCount "57"]
[EventDate "2022.06.03"]
[EventType "swiss"]
[EventRounds "7"]
[EventCountry "SUI"]
[SourceTitle "CBM 208 Extra"]
[Source "ChessBase"]
[SourceDate "2022.07.31"]
[SourceVersion "1"]
[SourceVersionDate "2022.07.31"]
[SourceQuality "1"]

1. d4 d5 2. c4 c6 3. cxd5 cxd5 4. Bf4 Nf6 5. Nc3 a6 6. e3 Nc6 7. Bd3 e6 8. Rc1 Bd6 9. Bxd6 Qxd6 10. f4 b5 11. Nf3 Bb7 12. 0-0 0-0 13. Ne5 g6 14. Qf3 Ne7 15. g4 Nd7 16. Rc2 f5 17. g5 Nxe5 18. fxe5 Qd7 19. Ne2 Rac8 20. Nf4 Rxc2 21. Bxc2 Kf7 22. Nd3 Bc8 23. Nc5 Qd8 24. Qg2 Kg8 25. Bd3 Qa5 26. a3 Nc6 27. Qc2 Qb6 28. h4 Rf7 29. Rf4 1/2-1/2

[Event "Rottach Egern Seniors Cup 9th"]
[Site "Rottach Egern"]
[Date "2021.10.25"]
[Round "4"]
[White "Wenske, Hardy"]
[Black "Kerschenbauer, Franz"]
[Result "0-1"]
[WhiteElo "1733"]
[BlackElo "1872"]
[PlyCount "102"]
[EventDate "2021.10.22"]
[EventType "swiss"]
[EventRounds "7"]
[EventCountry "GER"]
[SourceTitle "CBM 204 Extra"]
[Source "ChessBase"]
[SourceDate "2021.11.30"]
[SourceVersion "1"]
[SourceVersionDate "2021.11.30"]
[SourceQuality "1"]

1. Nf3 d6 2. d4 g6 3. c3 Bg7 4. e4 Nd7 5. Bd3 e6 6. 0-0 Ne7 7. Be3 h6 8. Re1 0-0 9. Qd2 Kh7 10. Qe2 a6 11. Nbd2 b6 12. Nf1 Bb7 13. Ng3 f5 14. exf5 Nxf5 15. Nxf5 exf5 16. Qd1 Nf6 17. h3 Qd7 18. Bd2 Ne4 19. Bc4 Rae8 20. d5 Qf7 21. Be3 Nf6 22. Bd4 Rxe1+ 23. Nxe1 Bxd5 24. Bxd5 Qxd5 25. Bxf6 Qxd1 26. Rxd1 Bxf6 27. Rd3 Re8 28. Kf1 Kg7 29. b3 Kf7 30. c4 b5 31. cxb5 axb5 32. Re3 Rxe3 33. fxe3 b4 34. Ke2 c5 35. Nc2 Ke6 36. Kd3 h5 37. a4 bxa3 38. Nxa3 d5 39. Nc2 Ke5 40. b4 c4+ 41. Ke2 Kd6 42. Kf3 Kc6 43. g4 fxg4+ 44. hxg4 h4 45. Kf4 g5+ 46. Kf3 Kb5 47. Kg2 Ka4 48. Kf3 Kb3 49. e4 dxe4+ 50. Kxe4 Kxc2 51. b5 Bd8 0-1

[Event "MVP-ch Seniors op 18th"]
[Site "Ostseebad Binz"]
[Date "2018.12.01"]
[Round "4"]
[White "Wenske, Hardy"]
[Black "Ophoff, Rigobert"]
[Result "1/2-1/2"]
[WhiteElo "1705"]
[BlackElo "1884"]
[PlyCount "23"]
[EventDate "2018.11.28"]
[EventType "swiss"]
[EventRounds "9"]
[EventCountry "GER"]
[SourceTitle "CBM 188 Extra"]
[Source "ChessBase"]
[SourceDate "2019.02.26"]
[SourceVersion "1"]
[SourceVersionDate "2019.02.26"]
[SourceQuality "1"]

1. Nf3 Nf6 2. d4 d6 3. e3 Bd7 4. Nbd2 g6 5. Be2 Bg7 6. 0-0 0-0 7. Re1 c6 8. c3 Qc7 9. e4 e5 10. dxe5 dxe5 11. Qc2 Re8 12. Bc4 1/2-1/2

[Event "Kiel op 31st"]
[Site "Kiel"]
[Date "2018.08.03"]
[Round "9"]
[White "Rohmann, Volker"]
[Black "Wenske, Hardy"]
[Result "1/2-1/2"]
[WhiteElo "1789"]
[BlackElo "1725"]
[PlyCount "20"]
[EventDate "2018.07.28"]
[EventType "swiss"]
[EventRounds "9"]
[EventCountry "GER"]
[SourceTitle "CBM 185 Extra"]
[Source "ChessBase"]
[SourceDate "2018.07.29"]
[SourceVersion "1"]
[SourceVersionDate "2018.07.29"]
[SourceQuality "1"]

1. e4 d5 2. exd5 Qxd5 3. Nc3 Qd8 4. Nf3 Nf6 5. h3 e6 6. Bc4 Be7 7. 0-0 0-0 8. d3 a6 9. a4 Nbd7 10. Bf4 Nb6 1/2-1/2

[Event "GER-chA Seniors 28th"]
[Site "Niederhausen"]
[Date "2016.08.21"]
[Round "9"]
[White "Wenske, Hardy"]
[Black "De Lorenzi, Norbert"]
[Result "1/2-1/2"]
[WhiteElo "1813"]
[BlackElo "1920"]
[PlyCount "27"]
[EventDate "2016.08.13"]
[EventType "swiss"]
[EventRounds "9"]
[EventCountry "GER"]
[SourceTitle "EXT 2019"]
[Source "ChessBase"]
[SourceDate "2018.10.10"]
[SourceVersion "1"]
[SourceVersionDate "2018.10.10"]
[SourceQuality "1"]

1. Nf3 Nf6 2. d4 d5 3. e3 e6 4. Bd3 h6 5. Nbd2 Be7 6. 0-0 Nbd7 7. Re1 0-0 8. c3 b6 9. e4 dxe4 10. Nxe4 Bb7 11. Qe2 Nxe4 12. Bxe4 Bxe4 13. Qxe4 Nf6 14. Qe2 1/2-1/2

[Event "WchT Seniors 65"]
[Site "Radebeul"]
[Date "2016.06.28"]
[Round "3.2"]
[White "Werner, Helmut"]
[Black "Wenske, Hardy"]
[Result "1-0"]
[WhiteElo "1913"]
[BlackElo "1823"]
[PlyCount "89"]
[EventDate "2016.06.26"]
[EventType "team-swiss"]
[EventRounds "9"]
[EventCountry "GER"]
[SourceTitle "CBM 173 Extra"]
[Source "ChessBase"]
[SourceDate "2016.08.29"]
[SourceVersion "1"]
[SourceVersionDate "2016.08.29"]
[SourceQuality "1"]
[WhiteTeam "Radebeul Chemie"]
[BlackTeam "Randbauern"]
[WhiteTeamCountry "GER"]
[BlackTeamCountry "GER"]

1. e4 c6 2. c4 e5 3. Nf3 d6 4. Nc3 Nf6 5. d3 Nbd7 6. Be2 Be7 7. 0-0 0-0 8. h3 Nc5 9. b4 Ne6 10. a3 Qc7 11. Be3 Nd7 12. Rc1 Qd8 13. Qd2 Bf6 14. d4 exd4 15. Nxd4 Nxd4 16. Bxd4 Bxd4 17. Qxd4 Qf6 18. Rfd1 Qxd4 19. Rxd4 Ne5 20. Rxd6 Be6 21. c5 Rad8 22. Rcd1 Rxd6 23. Rxd6 Bc4 24. Rd4 Bxe2 25. Nxe2 Rb8 26. f4 Ng6 27. g3 Kf8 28. Kf2 Ke7 29. Rd6 Rd8 30. e5 Rxd6 31. exd6+ Kd7 32. Nd4 Nf8 33. Kf3 g6 34. Kg4 h5+ 35. Kg5 Ke8 36. Kf6 Nd7+ 37. Kg7 b6 38. cxb6 axb6 39. Nxc6 Nf8 40. Nd4 Nd7 41. Nf3 Nf8 42. Ne5 Ne6+ 43. Kf6 Nd8 44. d7+ Kf8 45. b5 1-0